[Event "Elit(Linkoping-LASK)"]
[Site "?"]
[Date "2005.??.??"]
[Round "3"]
[White "Carlsson, Ingvar"]
[Black "Smith, Axel"]
[Result "1/2-1/2"]
[WhiteElo "2029"]
[BlackElo "2206"]
[PlyCount "75"]
[EventDate "2005.??.??"]

1. e4 d5 2. exd5 Qxd5 3. Nc3 Qd6 4. d4 c6 5. Bc4 Nf6 6. Nge2 Be6 7. Bxe6 Qxe6
8. O-O Qd6 9. Re1 e6 10. Ng3 Be7 11. f4 g6 12. Nce4 Nxe4 13. Nxe4 Qd8 14. b3
Nd7 15. Bb2 O-O 16. c4 Nf6 17. Nf2 Qc7 18. Nd3 Rad8 19. Qc2 Nd7 20. Rad1 Bf6
21. Rf1 Rfe8 22. Kh1 Bg7 23. b4 b6 24. Rd2 c5 25. dxc5 bxc5 26. Bxg7 Kxg7 27.
b5 Nb6 28. Ne5 Rxd2 29. Qxd2 Rd8 30. Qc3 f6 31. Nc6 Rd7 32. h3 Qd6 33. Kg1 Qd2
34. Qxd2 Rxd2 35. Rf2 Rd1+ 36. Rf1 Rd2 37. Rf2 Rd1+ 38. Rf1 1/2-1/2

[Event "Elit(Limhamn-Lulea)"]
[Site "?"]
[Date "2005.??.??"]
[Round "3"]
[White "Astrom, Robert"]
[Black "Brynell, Stellan"]
[Result "0-1"]
[WhiteElo "2499"]
[BlackElo "2623"]
[PlyCount "112"]
[EventDate "2005.??.??"]

1. d4 e6 2. c4 Nf6 3. Nf3 b6 4. g3 Ba6 5. Nbd2 Bb4 6. Qc2 Bb7 7. Bg2 Be4 8. Qb3
Bxd2+ 9. Bxd2 O-O 10. O-O d6 11. Rfd1 Nbd7 12. Be1 Re8 13. Qe3 a5 14. b3 Qb8
15. a3 h6 16. b4 axb4 17. axb4 b5 18. c5 Qb7 19. Qc3 Ra4 20. Rdc1 Qa6 21. Bf1
Ra8 22. Rxa4 bxa4 23. Nd2 a3 24. f3 a2 25. Nb3 Bb1 26. e4 Qa4 27. Na1 e5 28. d5
Rb8 29. Be2 Ne8 30. Qe3 f5 31. cxd6 cxd6 32. Rc6 Ndf6 33. Ra6 Qd7 34. exf5 Qxf5
35. Bc4 Kh8 36. Bxa2 Bxa2 37. Rxa2 Qb1 38. Ra4 Nxd5 39. Qd2 Nxb4 40. Rxb4 Rxb4
41. Qxb4 Qxa1 42. Kg2 Qa2+ 43. Qd2 Qe6 44. f4 exf4 45. gxf4 Nf6 46. Bf2 Qg4+
47. Kf1 Ne4 48. Qe3 d5 49. Be1 Kh7 50. h3 Qf5 51. Kg2 Kg6 52. Qd4 Nf6 53. Bc3
Qe4+ 54. Qxe4+ dxe4 55. Kf2 Kf5 56. Be5 g5 0-1

[Event "Elit(Limhamn-Lulea)"]
[Site "?"]
[Date "2005.??.??"]
[Round "3"]
[White "Hector, Jonny"]
[Black "Larsson, Anders"]
[Result "1-0"]
[WhiteElo "2640"]
[BlackElo "2376"]
[PlyCount "115"]
[EventDate "2005.??.??"]

1. e4 e6 2. d4 d5 3. Nc3 Bb4 4. Nge2 dxe4 5. a3 Be7 6. g4 e5 7. h3 exd4 8. Qxd4
Qxd4 9. Nxd4 c6 10. Be3 Nf6 11. O-O-O O-O 12. Bg2 Na6 13. Nxe4 Nd5 14. Bd2 f5
15. gxf5 Bxf5 16. Nxf5 Rxf5 17. b4 Nac7 18. c4 Nb6 19. Bf1 Rd8 20. Be3 Rxd1+
21. Kxd1 Ne6 22. Bd3 Rf8 23. Re1 Rd8 24. Kc2 Nd4+ 25. Bxd4 Rxd4 26. Ng3 Bf6 27.
Re8+ Kf7 28. Rb8 Rd7 29. f4 Be7 30. Ne4 h6 31. f5 Rc7 32. c5 Nd5 33. Bc4 g6 34.
Nc3 gxf5 35. Nxd5 cxd5 36. Bxd5+ Kf6 37. Bxb7 a5 38. Kd3 axb4 39. axb4 Bxc5 40.
bxc5 Rxc5 41. Bf3 Re5 42. Rg8 Re7 43. h4 Kf7 44. Bd5+ Kf6 45. Kd4 Rg7 46. Rf8+
Kg6 47. Bf3 Re7 48. Ra8 Kf6 49. Ra1 Re6 50. Bd5 Re7 51. Ra6+ Kg7 52. Be6 Kg6
53. Ke5 Kh5 54. Kf6 Rb7 55. Ra4 Rb6 56. Rf4 Ra6 57. Rxf5+ Kxh4 58. Rf3 1-0

[Event "Elit(Limhamn-Lulea)"]
[Site "?"]
[Date "2005.??.??"]
[Round "3"]
[White "Marklund, Nicklas"]
[Black "Jepson, Christian"]
[Result "1/2-1/2"]
[WhiteElo "2270"]
[BlackElo "2489"]
[PlyCount "81"]
[EventDate "2005.??.??"]

1. d4 e6 2. e4 d5 3. Nd2 c5 4. exd5 Qxd5 5. Ngf3 cxd4 6. Bc4 Qd8 7. O-O Nc6 8.
Nb3 a6 9. Nbxd4 Nxd4 10. Nxd4 Nf6 11. b3 Bd6 12. Bb2 Qc7 13. h3 O-O 14. Bd3 e5
15. Nf5 Bxf5 16. Bxf5 Rfe8 17. c4 Rad8 18. Qe2 Bc5 19. Rad1 Bd4 20. Bb1 Qc5 21.
Bc1 e4 22. Be3 Qe5 23. Bxd4 Rxd4 24. Rxd4 Qxd4 25. Rd1 Qe5 26. Qe3 g6 27. Rd4
Kg7 28. Bc2 Qa5 29. Bb1 Qe5 30. Bc2 a5 31. Rd1 b5 32. cxb5 Qxb5 33. Qd4 Qe2 34.
Qd2 Qb5 35. Qd4 Re5 36. Re1 Qb4 37. Qa1 Qd2 38. Bxe4 Qb4 39. f3 Re6 40. Qd1
Nxe4 41. fxe4 1/2-1/2

[Event "Elit(Limhamn-Lulea)"]
[Site "?"]
[Date "2005.??.??"]
[Round "3"]
[White "Ahlander, Bjorn"]
[Black "Engstrom, Kaj"]
[Result "0-1"]
[WhiteElo "2537"]
[BlackElo "2249"]
[PlyCount "90"]
[EventDate "2005.??.??"]

1. d4 d5 2. c4 e6 3. Nc3 Nf6 4. Bg5 Nbd7 5. e3 c6 6. Nf3 Qa5 7. cxd5 Nxd5 8.
Qd2 Bb4 9. Rc1 O-O 10. Bd3 Nxc3 11. bxc3 Ba3 12. Rb1 e5 13. O-O h6 14. Bh4 Bd6
15. Qc2 exd4 16. cxd4 Nb6 17. e4 Be6 18. Qe2 Qxa2 19. Rb2 Qa3 20. Rbb1 Qa2 21.
Rb2 Qa3 22. Rfb1 Rfe8 23. Nd2 Ba2 24. e5 Bxb1 25. Rxb1 Bf8 26. Qe4 g6 27. f4
Nd5 28. f5 Nc3 29. Qe3 Nxb1 30. Nxb1 Rxe5 31. Qd2 Qa4 32. Bc2 Qc4 33. Qd1 Rxf5
34. Bxf5 gxf5 35. Bf2 Bg7 36. Na3 Qd5 37. Nc2 c5 38. Qd3 Rd8 39. h3 cxd4 40.
Kh1 a5 41. Ne1 Qe4 42. Qd2 b6 43. Nd3 a4 44. Qc2 a3 45. Qc7 Ra8 0-1

[Event "Elit(Limhamn-Lulea)"]
[Site "?"]
[Date "2005.??.??"]
[Round "3"]
[White "Rolen, Magnus"]
[Black "Holst, Conny"]
[Result "0-1"]
[WhiteElo "2174"]
[BlackElo "2249"]
[PlyCount "82"]
[EventDate "2005.??.??"]

1. Nc3 c5 2. e4 d6 3. Bb5+ Bd7 4. Bxd7+ Qxd7 5. Nf3 Nc6 6. b3 g6 7. Bb2 Bg7 8.
O-O Nd4 9. Nxd4 Bxd4 10. Na4 Bxb2 11. Nxb2 Nf6 12. Qe2 O-O 13. f4 Qc6 14. d3 e6
15. Qf2 Ng4 16. Qg3 f5 17. Rae1 Rae8 18. a4 d5 19. e5 a6 20. h3 Nh6 21. Qh4 Nf7
22. g4 b5 23. gxf5 exf5 24. Qf2 Nd8 25. axb5 axb5 26. Ra1 Ne6 27. Nd1 d4 28.
Qh4 Rf7 29. Nf2 h6 30. Kh2 g5 31. Rg1 Qf3 32. fxg5 hxg5 33. Qg3 Qe2 34. Ra2 Rh7
35. Rg2 f4 36. Qg4 f3 37. Ra8 Qxe5+ 38. Rg3 Rxa8 39. Qxf3 Rf8 40. Qg2 Qe2 41.
Ne4 Qxg2+ 0-1

[Event "Elit(Limhamn-Lulea)"]
[Site "?"]
[Date "2005.??.??"]
[Round "3"]
[White "Dragicevic, Drazen"]
[Black "Pousette, Gunnar"]
[Result "1/2-1/2"]
[WhiteElo "2279"]
[BlackElo "2163"]
[PlyCount "82"]
[EventDate "2005.??.??"]

1. e4 c5 2. Nf3 Nc6 3. d4 cxd4 4. Nxd4 g6 5. c4 Bg7 6. Be3 Nf6 7. Nc3 d6 8. Be2
O-O 9. O-O Bd7 10. Rc1 Rc8 11. b3 a6 12. f3 Re8 13. Qd2 Ne5 14. Rfd1 Qa5 15.
Nc2 Qc7 16. Nb4 Bc6 17. Nxc6 Nxc6 18. Nd5 Qb8 19. Nb6 Rcd8 20. b4 e6 21. a3 Nd7
22. Qxd6 Qxd6 23. Rxd6 Nxb6 24. Rxd8 Rxd8 25. Bxb6 Rd2 26. Kf1 Bb2 27. Rd1
Rxd1+ 28. Bxd1 Bxa3 29. b5 Ne5 30. bxa6 bxa6 31. Bb3 Nd7 32. Bc7 Bb4 33. Ke2 a5
34. Bc2 Kf8 35. Ke3 Ke7 36. e5 f6 37. f4 fxe5 38. fxe5 Bc5+ 39. Ke4 Nb6 40. Bb3
Kd7 41. Bxb6 Bxb6 1/2-1/2

[Event "Elit(Limhamn-Lulea)"]
[Site "?"]
[Date "2005.??.??"]
[Round "3"]
[White "Pettersson, Tobias"]
[Black "Penalver, Osmani"]
[Result "1/2-1/2"]
[WhiteElo "2150"]
[BlackElo "2227"]
[PlyCount "89"]
[EventDate "2005.??.??"]

1. d3 c5 2. g3 g6 3. Bg2 Bg7 4. Nf3 e6 5. O-O Ne7 6. c4 Nbc6 7. Nc3 O-O 8. e3
d5 9. cxd5 exd5 10. d4 cxd4 11. Nxd4 Nxd4 12. exd4 Be6 13. Bg5 h6 14. Bxe7 Qxe7
15. Nxd5 Bxd5 16. Bxd5 Rad8 17. Qf3 b6 18. Rad1 Qg5 19. Be4 Bxd4 20. b3 Rd6 21.
Kg2 Rfd8 22. Bb1 Kg7 23. Qe4 Re6 24. Qf3 Rdd6 25. Rd3 Qc5 26. Rd2 Rf6 27. Qe4
Bc3 28. Rxd6 Rxd6 29. Bd3 Bd4 30. h4 Re6 31. Qf3 Rf6 32. Qe2 h5 33. Be4 b5 34.
a4 bxa4 35. bxa4 Rb6 36. Qf3 Rb2 37. Bd5 Bf6 38. Rd1 Rb4 39. Bc6 Rc4 40. Bb5
Rc2 41. Rd7 Rb2 42. Rb7 a5 43. Rd7 Rc2 44. Rb7 Rb2 45. Rd7 1/2-1/2

[Event "Elit(Limhamn-Lulea)"]
[Site "?"]
[Date "2005.??.??"]
[Round "3"]
[White "Johansson, Thomas"]
[Black "Dedorson, Tomas"]
[Result "1-0"]
[WhiteElo "2226"]
[BlackElo "2149"]
[PlyCount "81"]
[EventDate "2005.??.??"]

1. e4 e6 2. b3 d5 3. Bb2 Nf6 4. e5 Nfd7 5. Qg4 c5 6. f4 Nc6 7. Nf3 g6 8. Be2
Bg7 9. h4 h5 10. Qh3 Ne7 11. Nc3 a6 12. g4 hxg4 13. Qxg4 b5 14. O-O-O b4 15.
Na4 Nf5 16. Bd3 Rh5 17. Ng5 Qe7 18. Bxf5 exf5 19. Qf3 Bb7 20. d4 O-O-O 21. dxc5
Nxc5 22. Nxc5 Qxc5 23. Bd4 Qc7 24. Qf2 Rdh8 25. Kb1 Kb8 26. Rc1 Rc8 27. Qd2 Bf8
28. Rh2 Ka8 29. c3 bxc3 30. Rxc3 Qd7 31. Rxc8+ Bxc8 32. Qc3 Be7 33. Nxf7 Rxh4
34. Rxh4 Bxh4 35. Nd6 Bb7 36. Qc5 Bc6 37. Qb6 Bb5 38. a4 Bd3+ 39. Kb2 Bd8 40.
Qc5 Be7 41. e6 1-0

[Event "Elit(SodraSASS-Kamraterna)"]
[Site "?"]
[Date "2005.??.??"]
[Round "3"]
[White "Svenn, Gosta"]
[Black "Kulaots, Kaido"]
[Result "0-1"]
[WhiteElo "2406"]
[BlackElo "2637"]
[PlyCount "122"]
[EventDate "2005.??.??"]

1. c4 Nf6 2. Nc3 e6 3. Nf3 d5 4. cxd5 exd5 5. d4 c6 6. Bg5 Be7 7. e3 Bf5 8. Bd3
Bxd3 9. Qxd3 Nbd7 10. O-O O-O 11. Rab1 Ne4 12. Bxe7 Qxe7 13. b4 a6 14. a4 b5
15. Nd2 Nxd2 16. Qxd2 Nb6 17. a5 Nc4 18. Qd3 f5 19. Ne2 Rae8 20. Rb3 Kh8 21.
Qc3 g5 22. Nc1 Rf6 23. Nd3 Rh6 24. Re1 Qd6 25. f4 g4 26. Ne5 Qe6 27. Rbb1 Rf8
28. Re2 Qe8 29. Rc1 Qh5 30. g3 Qe8 31. Qd3 Qe6 32. Rcc2 Rh3 33. Rg2 h5 34. Rc3
h4 35. Qc2 hxg3 36. Rxg3 Rxg3+ 37. hxg3 Kg7 38. Qg2 Rh8 39. Kf1 Rh3 40. Kg1 Qh6
41. Rb3 Kf8 42. Nd7+ Ke7 43. Ne5 Nd2 44. Rc3 Ne4 45. Rxc6 Qh5 46. Rc7+ Kd8 47.
Rc6 Rxg3 48. Rh6 Rxg2+ 49. Kxg2 Qxh6 50. Nf7+ Ke7 51. Nxh6 Kf6 52. Ng8+ Ke6 53.
Nh6 Nc3 54. Kg3 Na2 55. e4 dxe4 56. d5+ Kf6 57. d6 Nxb4 58. Ng8+ Ke6 59. Ne7 e3
60. Kg2 Nd3 61. Nxf5 Nxf4+ 0-1

[Event "Elit(SodraSASS-Kamraterna)"]
[Site "?"]
[Date "2005.??.??"]
[Round "3"]
[White "Akesson, Ralf"]
[Black "Svensson, Bengt"]
[Result "1/2-1/2"]
[WhiteElo "2577"]
[BlackElo "2453"]
[PlyCount "61"]
[EventDate "2005.??.??"]

1. d4 d5 2. c4 dxc4 3. Nf3 Nf6 4. e3 e6 5. Bxc4 c5 6. O-O a6 7. Bb3 b5 8. a4 b4
9. e4 Bb7 10. e5 Nd5 11. Nbd2 Nd7 12. Ne4 h6 13. Nfd2 Qh4 14. Re1 Nc7 15. g3
Qh3 16. Nc4 Bd5 17. Ncd6+ Bxd6 18. exd6 c4 19. Bc2 b3 20. Bb1 f5 21. f3 fxe4
22. fxe4 Bb7 23. dxc7 O-O 24. Qe2 Rac8 25. Qxc4 Rf3 26. Bf4 Rxf4 27. gxf4 Qg4+
28. Kh1 Qf3+ 29. Kg1 Qg4+ 30. Kh1 Qf3+ 31. Kg1 1/2-1/2

[Event "Elit(SodraSASS-Kamraterna)"]
[Site "?"]
[Date "2005.??.??"]
[Round "3"]
[White "Wallin, Dennis"]
[Black "Ornstein, Axel"]
[Result "1-0"]
[WhiteElo "2277"]
[BlackElo "2425"]
[PlyCount "61"]
[EventDate "2005.??.??"]

1. b3 e5 2. Bb2 Nc6 3. e3 d6 4. d4 Bd7 5. Nf3 e4 6. Nfd2 f5 7. c4 Nf6 8. Nc3 g6
9. h4 Bg7 10. Ne2 Nh5 11. g3 Nb4 12. Nf4 Nxf4 13. gxf4 c5 14. Qc1 cxd4 15. Bxd4
Bxd4 16. exd4 Qf6 17. a3 Nd3+ 18. Bxd3 exd3 19. Nf3 O-O-O 20. Kd2 Rhe8 21. Kxd3
Re4 22. Qd2 d5 23. Kc3 dxc4 24. bxc4 Qd6 25. Ne5 Ba4 26. d5 Qc5 27. Kb2 Qb6+
28. Kc1 Qb3 29. Ra2 Re8 30. Rb2 Rxc4+ 31. Kb1 1-0

[Event "Elit(SodraSASS-Kamraterna)"]
[Site "?"]
[Date "2005.??.??"]
[Round "3"]
[White "Furhoff, Johan"]
[Black "Haggstrom, Olle"]
[Result "1-0"]
[WhiteElo "2401"]
[BlackElo "2226"]
[PlyCount "81"]
[EventDate "2005.??.??"]

1. e4 e6 2. d4 d5 3. Nd2 c5 4. Ngf3 cxd4 5. exd5 Qxd5 6. Bc4 Qd6 7. O-O Nf6 8.
Nb3 Nc6 9. Nbxd4 Nxd4 10. Nxd4 a6 11. b3 Qc7 12. Bb2 Bd6 13. Nf3 O-O 14. a4 Bd7
15. Qe2 Bc6 16. Ne5 Bd5 17. Bd3 Nd7 18. f4 f5 19. Nxd7 Qxd7 20. Rad1 Rae8 21.
c4 Bc6 22. Be5 Qc7 23. Bc2 Bxe5 24. Qxe5 Qxe5 25. fxe5 Rd8 26. b4 a5 27. b5 Be4
28. Bxe4 fxe4 29. Rxf8+ Rxf8 30. Re1 Rd8 31. Rxe4 Rd1+ 32. Kf2 Ra1 33. Rd4 Rxa4
34. Ke3 Rb4 35. Rd8+ Kf7 36. Kd4 Rb2 37. Rd7+ Kg6 38. Rxb7 Rxg2 39. b6 Rxh2 40.
c5 Rc2 41. Ra7 1-0

[Event "Elit(SodraSASS-Kamraterna)"]
[Site "?"]
[Date "2005.??.??"]
[Round "3"]
[White "Wengholm, Anders"]
[Black "Sjoberg, Mats"]
[Result "0-1"]
[WhiteElo "2241"]
[BlackElo "2393"]
[PlyCount "90"]
[EventDate "2005.??.??"]

1. Nf3 Nf6 2. c4 d6 3. d4 g6 4. Nc3 Bf5 5. g3 Qc8 6. Bg2 Bh3 7. O-O Bxg2 8.
Kxg2 Bg7 9. e4 Nfd7 10. e5 dxe5 11. dxe5 Nxe5 12. Nxe5 Bxe5 13. Nd5 c6 14. Nxe7
Qe6 15. Re1 Qxe7 16. f4 Nd7 17. fxe5 Nxe5 18. Bf4 f6 19. Qd4 Rd8 20. Qxa7 O-O
21. Re2 Qf7 22. b3 Nd3 23. Rf1 c5 24. Rf3 Rfe8 25. Rfe3 g5 26. Bd6 Qd7 27.
Rxe8+ Rxe8 28. Rxe8+ Qxe8 29. Qb8 Qxb8 30. Bxb8 Kf7 31. Bd6 Ke6 32. Bf8 b6 33.
a3 Ne1+ 34. Kf2 Nc2 35. a4 Nd4 36. a5 bxa5 37. Bxc5 Nxb3 38. Ba3 Nd2 39. c5 Kd5
40. h4 Nc4 41. Bc1 gxh4 42. gxh4 a4 43. Kf3 a3 44. Bxa3 Nxa3 45. Kf4 Ke6 0-1

[Event "Elit(SodraSASS-Kamraterna)"]
[Site "?"]
[Date "2005.??.??"]
[Round "3"]
[White "Welin, Thomas"]
[Black "Svenn, Matti"]
[Result "1-0"]
[WhiteElo "2370"]
[BlackElo "2307"]
[PlyCount "93"]
[EventDate "2005.??.??"]

1. c4 e5 2. Nc3 Nc6 3. Nf3 Nf6 4. g3 g6 5. d4 exd4 6. Nxd4 Bg7 7. Nxc6 bxc6 8.
Bg2 O-O 9. O-O Bb7 10. Qa4 Qc8 11. c5 Nd5 12. Nd1 Ba6 13. Re1 Rb8 14. Rb1 Re8
15. Bf3 Rb4 16. Qa3 Rc4 17. Ne3 Nxe3 18. Bxe3 Rc2 19. Qb3 Rc4 20. Rbc1 Rxc1 21.
Rxc1 Qb8 22. Qxb8 Rxb8 23. b3 Kf8 24. Bf4 Rb7 25. g4 Ke8 26. g5 Bf8 27. Kg2 Rb5
28. Be3 Rb4 29. Kg3 Bb7 30. Bd2 Rb5 31. b4 Bc8 32. Rc4 Rb8 33. Rh4 a5 34. a3
axb4 35. axb4 d5 36. Rxh7 Ra8 37. Bc3 Be6 38. Rh8 Rc8 39. Bf6 Kd7 40. h4 Re8
41. Kf4 Rb8 42. Kg3 Re8 43. h5 gxh5 44. Bxh5 Be7 45. Rxe8 Kxe8 46. Bxe7 Kxe7
47. Bg4 1-0

[Event "Elit(SodraSASS-Kamraterna)"]
[Site "?"]
[Date "2005.??.??"]
[Round "3"]
[White "Adler, Bo"]
[Black "Borvander, Tom"]
[Result "0-1"]
[WhiteElo "2135"]
[BlackElo "2231"]
[PlyCount "114"]
[EventDate "2005.??.??"]

1. e4 e5 2. Nf3 Nc6 3. Bc4 Nf6 4. d4 exd4 5. Ng5 d5 6. exd5 Qe7+ 7. Kf1 Ne5 8.
Qxd4 Nxc4 9. Qxc4 Qc5 10. Qxc5 Bxc5 11. Nc3 Bf5 12. Bf4 O-O 13. Rd1 h6 14. Nf3
Rac8 15. Nd4 Bxd4 16. Rxd4 Bxc2 17. f3 Nh5 18. Be3 a6 19. Kf2 Rfe8 20. Rc1 Bg6
21. Na4 b6 22. Rc6 Red8 23. g4 Nf6 24. Nc3 Ne8 25. Bf4 f6 26. d6 cxd6 27. Rxb6
Rb8 28. Rdb4 Rxb6 29. Rxb6 Bd3 30. Ke3 Bf1 31. Nd5 Kh7 32. Rb7 Bc4 33. Nc3 Rc8
34. b3 Bf1 35. Nd5 Rc2 36. a4 Re2+ 37. Kd4 Bg2 38. Be3 Bxf3 39. Re7 Re1 40. Nf4
Bc6 41. Ra7 Rd1+ 42. Kc3 Bf3 43. h3 Re1 44. Re7 Nc7 45. Rxc7 Rxe3+ 46. Kc2 Re5
47. b4 f5 48. Nh5 fxg4 49. hxg4 Rg5 50. Rd7 Bc6 51. Rxd6 Bxa4+ 52. Kc3 Rxg4 53.
Rxa6 Be8 54. Ra5 Rh4 55. Nxg7 Kxg7 56. b5 Rf4 57. b6 Bc6 0-1

[Event "Elit(Sollentuna-Eksjo)"]
[Site "?"]
[Date "2005.??.??"]
[Round "3"]
[White "Gdanski, Jacek"]
[Black "Agrest, Evgenij"]
[Result "1/2-1/2"]
[WhiteElo "2609"]
[BlackElo "2679"]
[PlyCount "82"]
[EventDate "2005.??.??"]

1. c4 Nf6 2. Nc3 e5 3. Nf3 Nc6 4. g3 Bc5 5. Bg2 O-O 6. O-O d6 7. d3 h6 8. b3
Bf5 9. h3 Qd7 10. Kh2 a6 11. Bb2 Rab8 12. Rc1 Ba7 13. e3 Bh7 14. a3 Nd8 15. d4
exd4 16. Nxd4 Ne6 17. Nd5 Ne8 18. e4 Ng5 19. f3 c6 20. Ne3 Qc7 21. Nef5 Ne6 22.
f4 Nxd4 23. Nxd4 Nf6 24. Nf5 Bxf5 25. exf5 Rbe8 26. b4 Re3 27. Rc3 Rfe8 28.
Rxe3 Rxe3 29. Bc1 Re7 30. Bb2 Qd7 31. Bxf6 gxf6 32. Re1 Qe8 33. Rxe7 Qxe7 34.
Qd2 b5 35. cxb5 cxb5 36. h4 Be3 37. Qe1 Qa7 38. Qd1 Qd4 39. Bf3 Qc3 40. Bd5 Bf2
41. Qf3 Qxf3 1/2-1/2

[Event "Elit(Sollentuna-Eksjo)"]
[Site "?"]
[Date "2005.??.??"]
[Round "3"]
[White "Carlsson, Pontus"]
[Black "Vernersson, Per"]
[Result "0-1"]
[WhiteElo "2581"]
[BlackElo "2516"]
[PlyCount "144"]
[EventDate "2005.??.??"]

1. e4 c6 2. d4 d5 3. Nd2 dxe4 4. Nxe4 Bf5 5. Ng3 Bg6 6. h4 h6 7. Nf3 Nd7 8. h5
Bh7 9. Bd3 Bxd3 10. Qxd3 e6 11. Bf4 Qa5+ 12. Bd2 Qc7 13. O-O-O Ngf6 14. Ne4
O-O-O 15. g3 Nc5 16. Nxc5 Bxc5 17. Kb1 Rhe8 18. c4 Qe7 19. Bc3 Bb4 20. Ne5 Bxc3
21. Qxc3 Kb8 22. Rhe1 Nxh5 23. d5 cxd5 24. cxd5 Nf6 25. Qb3 Ka8 26. dxe6 Rxd1+
27. Rxd1 fxe6 28. a3 Nd5 29. Re1 Qc5 30. f4 Qf2 31. Rc1 a6 32. Qa4 Rd8 33. Nf7
Nb6 34. Qb3 Rd2 35. Ne5 Qd4 36. Qc3 Qxc3 37. Rxc3 Rg2 38. Re3 Nd5 39. Rf3 Nf6
40. Re3 Nh5 41. Ng6 Nxg3 42. Rxe6 Nf5 43. Ne7 Nxe7 44. Rxe7 h5 45. Re8+ Ka7 46.
Rh8 Rf2 47. Rh7 g6 48. Rh6 Rg2 49. Ka2 Rg4 50. f5 gxf5 51. Rxh5 Rf4 52. Rh6 a5
53. Kb3 b6 54. Rf6 a4+ 55. Kc3 Ka6 56. Rf7 Kb5 57. Rf8 Rf3+ 58. Kd4 Rf2 59. Kc3
Kc5 60. Rd8 Rf3+ 61. Kc2 Kc4 62. Rc8+ Kd4 63. Re8 Rf2+ 64. Kb1 Rf3 65. Kc2 b5
66. Re7 Rb3 67. Re8 f4 68. Re7 f3 69. Re8 f2 70. Rf8 Ke3 71. Re8+ Kf3 72. Rf8+
Ke2 0-1

[Event "Elit(Sollentuna-Eksjo)"]
[Site "?"]
[Date "2005.??.??"]
[Round "3"]
[White "Schussler, Harry"]
[Black "Berg, Emanuel"]
[Result "1/2-1/2"]
[WhiteElo "2451"]
[BlackElo "2632"]
[PlyCount "50"]
[EventDate "2005.??.??"]

1. d4 e6 2. Nf3 Nf6 3. c4 b6 4. g3 Ba6 5. b3 Bb4+ 6. Bd2 Be7 7. Bg2 Bb7 8. O-O
c5 9. Bf4 cxd4 10. Nxd4 Bxg2 11. Kxg2 a6 12. Qd3 O-O 13. Qf3 Ra7 14. Rd1 d6 15.
Nc6 Nxc6 16. Qxc6 Rc7 17. Qf3 b5 18. Nd2 Rd7 19. Ne4 d5 20. Nxf6+ Bxf6 21. Rac1
bxc4 22. bxc4 e5 23. Bd2 dxc4 24. Ba5 Qc8 25. Rxd7 Qxd7 1/2-1/2

[Event "Elit(Sollentuna-Eksjo)"]
[Site "?"]
[Date "2005.??.??"]
[Round "3"]
[White "Lindberg, Bo"]
[Black "Rothen, Hakan"]
[Result "1/2-1/2"]
[WhiteElo "2431"]
[BlackElo "2375"]
[PlyCount "143"]
[EventDate "2005.??.??"]

1. e4 g6 2. d4 Bg7 3. c4 d6 4. Nc3 e5 5. dxe5 dxe5 6. Qxd8+ Kxd8 7. f4 Nd7 8.
Nf3 c6 9. fxe5 Nxe5 10. Bf4 f6 11. c5 Ke7 12. Be2 Be6 13. Rd1 Rd8 14. O-O Rxd1
15. Rxd1 Nxf3+ 16. gxf3 Nh6 17. Bd6+ Ke8 18. Rd4 Nf7 19. Bb8 Ke7 20. Bxa7 Ra8
21. Ra4 f5 22. Bd1 Bxc3 23. bxc3 fxe4 24. fxe4 Ng5 25. Kf2 Bc4 26. Ke3 Bb5 27.
Ra5 Ne6 28. Bb6 Rxa5 29. Bxa5 Kf6 30. Bb6 h5 31. Ba7 Bf1 32. Bb8 Bc4 33. a3 Ba2
34. Bd6 Ng5 35. Bc2 Bc4 36. Kd4 Ba2 37. e5+ Kf7 38. c4 Nf3+ 39. Kc3 g5 40. Bd3
Ke6 41. Bg6 h4 42. h3 Nxe5 43. Bh7 Nf7 44. Bc7 Kd7 45. Bb8 Ke6 46. a4 Ne5 47.
a5 Kf6 48. Bc7 Ng6 49. Bg8 Bb1 50. Bd8+ Ne7 51. Bd5 Bf5 52. Bg2 g4 53. hxg4
Bxg4 54. Kd4 h3 55. Be4 Ke6 56. Ke3 Kd7 57. Bb6 Be6 58. Kf4 Bxc4 59. Kg3 Be6
60. Ba7 Kc8 61. Bd3 Ng8 62. a6 Nf6 63. Bb6 bxa6 64. Bxa6+ Kd7 65. Bd3 Nh5+ 66.
Kh2 Nf4 67. Bf1 Bf5 68. Kg3 Nd5 69. Ba5 Ke6 70. Bxh3 Bxh3 71. Kxh3 Nf4+ 72. Kg4
1/2-1/2

[Event "Elit(Sollentuna-Eksjo)"]
[Site "?"]
[Date "2005.??.??"]
[Round "3"]
[White "Miskulin, Dennis"]
[Black "Eriksson, Jonas"]
[Result "1-0"]
[WhiteElo "2303"]
[BlackElo "2366"]
[PlyCount "123"]
[EventDate "2005.??.??"]

1. e4 c6 2. d4 d5 3. Nc3 dxe4 4. Nxe4 Nf6 5. Nxf6+ gxf6 6. Nf3 Bg4 7. c3 Nd7 8.
Bc4 e6 9. h3 Bh5 10. g4 Bg6 11. Nh4 Be4 12. f3 Bd6 13. fxe4 Bg3+ 14. Kd2 Bxh4
15. Kc2 Qc7 16. Qf3 O-O-O 17. Bf4 e5 18. Bh2 Nb6 19. Bb3 c5 20. dxc5 Qxc5 21.
Rad1 Nc4 22. Bxc4 Qxc4 23. b3 Qa6 24. a4 Rd6 25. Rxd6 Qxd6 26. Rd1 Qe6 27. Rd5
Rd8 28. Qd3 Rd7 29. Bg1 a6 30. a5 Kd8 31. Bb6+ Ke8 32. Qc4 Rxd5 33. exd5 Qd7
34. Qe4 h6 35. c4 Bg5 36. Qh7 Qe7 37. c5 e4 38. Qf5 Qd7 39. Qxe4+ Kf8 40. c6
bxc6 41. Bc5+ Kg7 42. d6 f5 43. gxf5 Bf6 44. Qd3 Kg8 45. Bb4 c5 46. Bc3 c4 47.
Qd5 cxb3+ 48. Kxb3 Bxc3 49. Kxc3 Qc8+ 50. Kd2 Qb8 51. d7 Qb2+ 52. Ke3 Qc1+ 53.
Qd2 Qc5+ 54. Kf4 Qc7+ 55. Kg4 Qc4+ 56. Kh5 Qc6 57. d8=Q+ Kh7 58. Q8d5 Qf6 59.
Kg4 Qg7+ 60. Kf3 Qf6 61. Q2d4 Qe7 62. f6 1-0

[Event "Elit(Sollentuna-Eksjo)"]
[Site "?"]
[Date "2005.??.??"]
[Round "3"]
[White "Couso, Luis"]
[Black "Thornert, Hakan"]
[Result "1-0"]
[WhiteElo "2432"]
[BlackElo "2303"]
[PlyCount "127"]
[EventDate "2005.??.??"]

1. e4 c5 2. Nf3 d6 3. d4 cxd4 4. Nxd4 Nf6 5. Nc3 g6 6. Be3 Bg7 7. f3 Nc6 8. Qd2
O-O 9. O-O-O d5 10. exd5 Nxd5 11. Nxc6 bxc6 12. Bd4 e5 13. Bc5 Be6 14. Ne4 Rb8
15. c4 Re8 16. Ba3 Qb6 17. c5 Qc7 18. Nd6 Red8 19. Bc4 Qe7 20. h4 Nc7 21. Bxe6
Qxe6 22. b3 Nb5 23. Bb2 Nxd6 24. cxd6 Rb5 25. Kb1 a5 26. Qc2 Rxd6 27. Rxd6 Qxd6
28. Rc1 Bf6 29. h5 c5 30. Qc4 Qd7 31. Re1 Rb7 32. Bxe5 Bxe5 33. Rxe5 a4 34. Rd5
Qe8 35. Rxc5 Kg7 36. Qc3+ f6 37. h6+ Kxh6 38. Qxf6 axb3 39. Qh4+ Kg7 40. Qd4+
Kh6 41. Qd2+ Kg7 42. Qc3+ Kh6 43. axb3 Qe2 44. Qc1+ Kg7 45. Qb2+ Qxb2+ 46. Kxb2
h5 47. Rc4 Rb5 48. b4 Rg5 49. Rc2 h4 50. Kb3 Rf5 51. Rc7+ Kh6 52. Rc4 g5 53.
Rc5 Rf8 54. b5 h3 55. gxh3 Kh5 56. Kb4 Kh4 57. Rc4+ Kxh3 58. Rg4 Rf4+ 59. Rxf4
gxf4 60. b6 Kg3 61. b7 Kxf3 62. b8=Q Ke3 63. Qe5+ Kf3 64. Kc3 1-0

[Event "Elit(Sollentuna-Eksjo)"]
[Site "?"]
[Date "2005.??.??"]
[Round "3"]
[White "Andersson, Johan"]
[Black "Andersson, Fredrik"]
[Result "1/2-1/2"]
[WhiteElo "2255"]
[BlackElo "2302"]
[PlyCount "72"]
[EventDate "2005.??.??"]

1. e4 e5 2. Nf3 Nc6 3. d4 exd4 4. Nxd4 Nf6 5. Nc3 Bb4 6. Nxc6 bxc6 7. Bd3 d5 8.
exd5 cxd5 9. Qe2+ Qe7 10. Qxe7+ Kxe7 11. O-O Be6 12. Bf4 Bd6 13. Bxd6+ Kxd6 14.
Nb5+ Kd7 15. f4 a6 16. Nd4 c5 17. Nf3 Kd6 18. Rad1 Rhe8 19. h3 Kc7 20. Ne5 c4
21. Be2 Ne4 22. Bf3 f6 23. Bxe4 dxe4 24. f5 Bxf5 25. Rxf5 Rxe5 26. Rxe5 fxe5
27. Rd5 Rb8 28. b3 cxb3 29. axb3 Re8 30. Kf2 Kc6 31. Ra5 Kb6 32. Ra4 Rc8 33.
Rb4+ Ka5 34. Ra4+ Kb6 35. Rb4+ Ka5 36. Ra4+ Kb6 1/2-1/2

[Event "Elit(Sollentuna-Eksjo)"]
[Site "?"]
[Date "2005.??.??"]
[Round "3"]
[White "Ong, Kezli"]
[Black "Gustafsson, Fredrik"]
[Result "0-1"]
[WhiteElo "2397"]
[BlackElo "2197"]
[PlyCount "98"]
[EventDate "2005.??.??"]

1. e4 c5 2. Nf3 d6 3. d4 cxd4 4. Nxd4 Nf6 5. Nc3 g6 6. Be3 Bg7 7. f3 Nc6 8. Qd2
O-O 9. O-O-O Nxd4 10. Bxd4 Be6 11. Kb1 Qc7 12. g4 Rfc8 13. h4 Qa5 14. Qg5 Qxg5
15. hxg5 Nd7 16. Bxg7 Kxg7 17. Rh4 Rc5 18. f4 Rh8 19. Be2 Bc4 20. e5 Bxe2 21.
Nxe2 Nxe5 22. fxe5 Rxe5 23. Nd4 Rxg5 24. Nf3 Rc5 25. Re1 e6 26. Rd1 h5 27. Rdh1
Rc4 28. g5 Rhc8 29. c3 Rxh4 30. Rxh4 Rc5 31. Kc2 Rf5 32. Rh3 e5 33. Rg3 f6 34.
c4 Rf4 35. Kc3 h4 36. Rh3 fxg5 37. Nxg5 Kf6 38. Nh7+ Kf5 39. Rd3 Kg4 40. Rxd6
g5 41. Rg6 Rf5 42. Nf6+ Kf3 43. Kd3 h3 44. Nd5 g4 45. Ne3 Rf4 46. Nf1 Kf2 47.
Nd2 h2 48. Rh6 Rd4+ 49. Kc3 Kg2 0-1

[Event "Elit(Rockaden-Manhem)"]
[Site "?"]
[Date "2005.??.??"]
[Round "3"]
[White "Schneider, Lars-Ake"]
[Black "Andersson, Ulf"]
[Result "1/2-1/2"]
[WhiteElo "2359"]
[BlackElo "2634"]
[PlyCount "33"]
[EventDate "2005.??.??"]

1. e4 e6 2. d4 d5 3. Nd2 c5 4. exd5 Qxd5 5. Ngf3 cxd4 6. Bc4 Qd6 7. O-O Nf6 8.
Nb3 Nc6 9. Nbxd4 Nxd4 10. Nxd4 a6 11. Bb3 Be7 12. c3 O-O 13. Qf3 Qc7 14. Re1
Re8 15. h3 Bd7 16. Bf4 Qb6 17. Be5 1/2-1/2